Zeitschrift für Nationalökonomie

Gespeichert in:
Bibliographische Detailangaben
Format: Schriftenreihe
Sprache:Deutsch
Veröffentlicht: Wien Springer
Tags: Tag hinzufügen
Keine Tags, Fügen Sie das erste Tag hinzu!

MARC

LEADER 00000nas1a22000001 4500
001 s120500
005 20251030085214.5
022 |a 0044-3158 
022 |a 2304-8360 
041 0 |a ger 
044 |a AT 
245 1 0 |a Zeitschrift für Nationalökonomie 
264 1 |a Wien  |b Springer